| 000 | 00618nam a2200229 a 4500 | ||
|---|---|---|---|
| 001 | 3013 | ||
| 003 | CO-ViMGA | ||
| 008 | 141112s2004 ck r 000 u spa d | ||
| 040 |
_aCO-ViMGA _bspa _cCO-ViMGA |
||
| 082 | 0 | 4 | _aENDa |
| 100 | 1 |
_aEnde, Michael _93219 |
|
| 245 | 1 | 0 | _aTranquila tragaleguas. La tortuga cabezota |
| 260 |
_aBogotá : _bAlfaguara, _c1988 |
||
| 300 | _a42 p : il | ||
| 490 | _aAlfaguara infantil | ||
| 500 | _aDesde 6 años. | ||
| 590 | _aEjemplares : 2 | ||
| 650 | 1 | 4 |
_aCUENTOS ALEMANES _95036 |
| 650 | 1 | 4 |
_aCUENTOS INFANTILES _92743 |
| 650 | 1 | 4 |
_aTORTUGAS - CUENTOS _95037 |
| 942 |
_2ddc _cBK |
||
| 999 |
_c15075 _d15075 |
||